| 000 | 00353nam a22001337a 4500 | ||
|---|---|---|---|
| 020 | _a922101519X | ||
| 082 | _a368.44SOC | ||
| 100 | _aSocial Security For Unemployed | ||
| 245 | _aSocial Security For Unemployed | ||
| 260 |
_aGeneva _bInternational labour Office _c1976 |
||
| 300 |
_aviii,70p. _bill;24cm |
||
| 500 | _aincludes,Bibliography | ||
| 942 | _cBK | ||
| 999 |
_c19606 _d19606 |
||